书目信息 |
| 题名: |
澳大利亚小学科学课程标准导论
|
|
| 作者: | 和继军 , 张端 编著 | |
| 分册: | ||
| 出版信息: | 北京 中国水利水电出版社 2020.7 |
|
| 页数: | 240页 | |
| 开本: | 24cm | |
| 丛书名: | ||
| 单 册: | ||
| 中图分类: | G623.62 | |
| 科图分类: | ||
| 主题词: | 小学--科学知识--课程标准--研究--澳大利亚 | |
| 电子资源: | ||
| ISBN: | 978-7-5170-8732-8 | |
| 000 | 00917nam0 2200241 45 | |
| 001 | 012001003169 | |
| 005 | 20140826085250.0 | |
| 010 | @a978-7-5170-8732-8@dCNY68.00 | |
| 100 | @a20201117d2020 em y0chiy0110 ea | |
| 101 | 0 | @achi |
| 102 | @aCN@b110000 | |
| 105 | @ay z 000yy | |
| 106 | @ar | |
| 200 | 1 | @a澳大利亚小学科学课程标准导论@Aao da li ya xiao xue ke xue ke cheng biao zhun dao lun@f和继军, 张端编著 |
| 210 | @a北京@c中国水利水电出版社@d2020.7 | |
| 215 | @a240页@d24cm | |
| 330 | @a本书共10章,其中第1章概述了中小学课程的综合特点,第2章讨论了科学是如何开展的,第3章介绍了小学科学课程的基本框架,第4章至第10章阐述了学前班至6年级的小学科学课程重点、课程内容及学业评价标准。 | |
| 606 | 0 | @a小学@x科学知识@x课程标准@x研究@y澳大利亚 |
| 690 | @aG623.62@v5 | |
| 701 | 0 | @a和继军@Ahe ji jun@4编著 |
| 701 | 0 | @a张端@Azhang duan@4编著 |
| 801 | @aCN@bAHXH@c20210922 | |
| 905 | @b1283806-10@dG623.62@e2036@f5 | |
| 澳大利亚小学科学课程标准导论/和继军, 张端编著.-北京:中国水利水电出版社,2020.7 |
| 240页;24cm |
| ISBN 978-7-5170-8732-8:CNY68.00 |
| 本书共10章,其中第1章概述了中小学课程的综合特点,第2章讨论了科学是如何开展的,第3章介绍了小学科学课程的基本框架,第4章至第10章阐述了学前班至6年级的小学科学课程重点、课程内容及学业评价标准。 |
| ● |
| 相关链接 |
|
|
|
|
正题名:澳大利亚小学科学课程标准导论
索取号:G623.62/2036
 
预约/预借
| 序号 | 登录号 | 条形码 | 馆藏地/架位号 | 状态 | 备注 |
| 1 | 1283806 | 212838063 | 第一样本阅览室/ [索取号:G623.62/2036] | 在馆 | |
| 2 | 1283807 | 212838072 | 教育系资料室/ [索取号:G623.62/2036] | 在馆 | |
| 3 | 1283808 | 212838081 | 教育系资料室/ [索取号:G623.62/2036] | 在馆 | |
| 4 | 1283809 | 212838090 | 第四借阅区/ [索取号:G623.62/2036] | 在馆 | |
| 5 | 1283810 | 212838107 | 第四借阅区/ [索取号:G623.62/2036] | 在馆 |